000 00776nam a22002417a 4500
005 20131219114450.0
008 131126b xxu||||| |||| 00| 0 eng d
010 _aPUN-7762
020 _c300.00
_a9789350177563x
035 _aPN-6880
037 _bDBAD / PUB
037 _bUnistar Books
040 _adpl
_bpn
082 _a
100 _aਦਰਸ਼ਨ ਸਿੰਘ
245 _aਗੈਲਰੀ ਸ਼ਹੀਦਾਂ /
_cਦਰਸ਼ਨ ਸਿੰਘ
246 _aGalllery Shaheedan
_bby Darshan Singh
260 _aChandigarh
_bUnistar Books
_c2011
270 _bChandigarh
_asco-26-27, sector-34 A
_k0172-5077427- 9815471219
_e160022
300 4 _a282p.
_c22ਸੇਂਮੀ (ਸਜਿਲੱਦ)
942 _2ddc
_cPN
_h
_mਦਰਸ਼
999 _c81294
_d81294